000 01069cam a2200313 i 4500
001 47343
003 Mx-PuUPA
005 20240816125032.0
008 140415s2007 mx a gr 000 f spa d
020 _a9789707708112
040 _cMx-PuUPA
_aMx-PuUPA
_bspa
_dMx-PuUPA
_erda
041 0 _aspa
100 1 _aPérez-Reverte, Arturo,
_d1951-
_eautor
_94641
245 1 0 _aCorsarios de Levante /
_cArturo Pérez-Reverte
250 _aPrimera edición /
_benero
264 1 _aMéxico, D. F. :
_bSantillana Ediciones Generales,
_c2006
300 _a348 páginas :
_bilustraciones ;
_c24 cm
336 _2rdacontent
_atexto
_btxt
337 _2rdamedia
_asin medio
_bn
338 _2rdacarrier
_avolumen
_bnc
490 0 _aLas aventuras del Capitán Alatriste ;
_v6
650 7 _2armarc
_aPiratas
_vNovela
650 7 _2armarc
_aPiratas
_zMedio oriente
_vNovela
651 4 _aEspaña
_xHistoria
_xFelipe IV
_y1621 - 1665
_vNovela
655 7 _2armarc
_aNovela histórica
942 _2ddc
_cLI
_h863.64
_iP426
999 _c47343
_d47343